Biggest traitors in a club football - Statistics

General Stats
  • This quiz has been taken 63 times
  • The average score is 4 of 17
Answer Stats
Hint Answer % Correct
FC Barcelona to Real Madrid Luis Figo
92%
Manchester United to Manchester City Carlos Tevez
72%
Tottenham to Arsenal Sol Campbell
61%
Arsenal to Tottenham William Gallas
28%
Juventus to AC Milan Filippo Inzaghi
26%
Inter Milan to AC Milan Clarence Seedorf
25%
Ajax to Feyenoord Johan Cruyff
25%
Real Madrid to FC Barcelona Luis Enrique
23%
FC Barcelona to Real Madrid Michael Laudrup
21%
Juventus to AC Milan Roberto Baggio
8%
Fenerbahce to Besiktas Rustu Recber
8%
Panathinaikos to Olympiakos Antonios Nikopolidis
5%
Benfica to Sporting Lisbon Joao Pinto
5%
FC Barcelona to Real Madrid Bernd Schuster
3%
River Plate to Boca Juniors Carlos Tapia
3%
Inter Milan to AC Milan Giuseppe Meazza
3%
Juventus to AC Milan Fabio Capello
2%
No matching quizzes found
Score Distribution
Percent of People with Each Score
Percentile by Number Answered
Your Score History
You have not taken this quiz